000 00513nam a2200181Ia 4500
008 090124s9999 xx 000 0 und d
082 _b123621
100 _aजोशी शशिकांत
245 _a छाया पडछाया
250 _a1
260 _c1989
300 _a152
600 _aजोशी शशिकांत
630 _a छाया पडछाया
700 _aजोशी शशिकांत
730 _a छाया पडछाया
942 _cBOOK
999 _c169708
_d169708